000 00636nam a2200229Ia 4500
001 9150
003 GE_BSU
008 181216s||||||||xx |||||||||||||| ||und||
040 _cGE_BSU
080 _a821.353.1-32
100 _aლომიძე,ანდრო
245 _aზღვაური
245 _bმოთხრობები
245 _cრედ:შ.აფხაიძე
260 _aთბილისი.
260 _bსაბჭ.მწერალი.
260 _c1947
300 _a128გვ;21სმ.
653 _aზღვაური
653 _aმოთხრობები
942 _cBK
999 _c42454
_d42454